| 000 | 00983nam a22002537a 4500 | ||
|---|---|---|---|
| 003 | PE SENCICO BE | ||
| 005 | 20251020182707.0 | ||
| 008 | 240304b |||||||| |||| 00| 0 eng d | ||
| 040 |
_aPE SENCICO BE _cPE SENCICO BE |
||
| 041 | _aspa | ||
| 084 |
_aI _aDIS _a2005 _bR21 |
||
| 100 | 1 |
_92012 _aRamirez Caceres, Carolina _eautor |
|
| 245 | 1 |
_aTienda y sala de té arte / _cCarolina Ramirez Caceres |
|
| 260 |
_aLima : _c2005 |
||
| 300 |
_a[40] h. : _bplans.; _c30 cm. |
||
| 502 | _a Monografía de Titulación.-- Servicio Nacional de Capacitación para la Industria de la Construcción. Escuela Superior Técnica. Carrera Profesional Técnica en Diseño de Interiores, 2005 | ||
| 650 | 1 | 0 |
_944 _aDiseño de interiores |
| 650 | 2 | 0 |
_91995 _aEspacios comerciales |
| 650 | 2 | 0 |
_91049 _aSalas |
| 650 | 2 | 0 |
_9615 _aPlanos |
| 710 | 1 |
_aServicio Nacional de Capacitación para la Industria de la Construcción. _bEscuela Superior Técnica _91065 |
|
| 910 |
_bhfp _chfp |
||
| 942 |
_cMON _2ddc |
||
| 999 |
_c4981 _d4981 |
||